000 00529nam a22001937a 4500
003 KOHA_MİRAKIL
005 20251002160236.0
008 251002b tu ||||| |||| 00| 0 tur d
020 _a9786258090840
040 _aTR-AnABB
_btur
_cTR-AnABB
041 _atur
082 _a853.914
_bECO 2022
100 1 _aEco, Umberto,
_d1932-2016
245 1 0 _aBaudolıno /
_cUmberto Eco
260 _aİstanbul :
_bDoğan Kitap,
_c2022
300 _a540 sayfa ;
_c20 cm
650 0 4 _aİtalyan edebiyatı, roman
942 _2ddc
_cBK
999 _c9049
_d9049
900 _bGizem YORULMAZ